A course in the geometry of n dimensions.
Guardado en:
| Autor Principal: | |
|---|---|
| Formato: | Libro |
| Idioma: | English |
| Publicado: |
New York :
Hafner Pub. Co.,
1961 [i.e. 1962]
|
| Series: | Griffin's statistical monographs & courses ;
no. 8. |
| Materias: | |
| Etiquetas: |
Agregar Etiqueta
Sin Etiquetas, Sea el primero en etiquetar este registro!
|
| LEADER | 00775cam a22002291a 4500 | ||
|---|---|---|---|
| 001 | MAT.inmabb005626 | ||
| 008 | 840814s1962####nyu######b####000#0#eng## | ||
| 005 | 20130225152115.0 | ||
| 245 | 1 | 2 | |a A course in the geometry of n dimensions. |
| 260 | |a New York : |b Hafner Pub. Co., |c 1961 [i.e. 1962] | ||
| 300 | |a 63 p. ; |c 22 cm. | ||
| 490 | 1 | |a Griffin's statistical monographs & courses ; |v no. 8 | |
| 504 | |a Includes bibliography. | ||
| 510 | 4 | |a MR, |c 25 #476 | |
| 100 | 1 | |a Kendall, Maurice G. |q (Maurice George), |d 1907-1983. | |
| 740 | 4 | |a Geometry of n dimensions. | |
| 830 | 0 | |a Griffin's statistical monographs & courses ; |v no. 8. | |
| 650 | 0 | |a Hyperspace. | |
| 084 | |a 51-01 |2 msc2000 | ||
| 010 | |a 62002404 | ||
| 040 | |a DLC/ICU |c ICU |d DLC | ||
| 859 | |h 51 |i K33 |p A-2856 |b BIB. MATEMATICA | ||
